[Event "EU-Cup 32nd"]
[Site "Novi Sad"]
[Date "2016.11.07"]
[Round "2.2"]
[White "Rapport, Richard"]
[Black "Kamsky, Gata"]
[Result "0-1"]
[WhiteElo "2730"]
[BlackElo "2648"]
[Annotator "Roiz,M"]
[PlyCount "100"]
[EventDate "2016.11.06"]
[EventType "team-swiss"]
[EventRounds "7"]
[EventCountry "SRB"]
[SourceTitle "CBM 176"]
[Source "ChessBase"]
[SourceDate "2017.01.17"]
[SourceVersion "1"]
[SourceVersionDate "2017.01.17"]
[SourceQuality "1"]
[WhiteTeam "Sveti Nikolaj Srpski"]
[BlackTeam "Kazan Ladya"]
[WhiteTeamCountry "SRB"]
[BlackTeamCountry "RUS"]

1. Nf3 Nf6 2. c4 c6 3. Nc3 d5 4. d4 a6 5. e3 Bf5 6. Qb3 Ra7 7. Nh4 Be6 $6 {
Looks too artificial.} ({A more solid choice is apparently} 7... Bc8 {, as was
recently successfully played by GM So:} 8. Bd2 (8. Bd3 e6 9. O-O dxc4 10. Bxc4
b5 11. Be2 Nbd7 12. a4 b4 13. Nb1 c5 $15 {Nakamura,H (2787)-So,W (2773) Saint
Louis USA 2016}) 8... e6 9. c5 Nbd7 10. Nf3 b6 11. cxb6 Qxb6 12. Na4 Qxb3 13.
axb3 a5 $11 {Aronian,L (2792)-So,W (2770) Paris FRA 2016}) 8. c5 {A principled
reply - the Pe7 is locked in, and White is trying to squeeze the opponent in
his own camp.} ({In his previous encounter in this line Gata didn't manage to
solve the space problems, but eventually won the game:} 8. Bd2 g6 9. Nf3 Bg7
10. Be2 O-O 11. O-O dxc4 12. Bxc4 Bxc4 13. Qxc4 b5 14. Qe2 Nbd7 15. e4 $14 {
Gelfand,B (2720)-Kamsky,G (2723) Moscow 2008}) 8... Bg4 $146 {This novelty
doesn't help Black to solve the space problems.} ({The other moves have been
checked out in practice:} 8... Nbd7 9. Be2 g5 10. Nf3 h6 11. O-O Bf5 12. Qd1
Bg7 13. b4 O-O 14. Bb2 $14 {Gledura,B (2513)-Karpov,A (2628) Budapest HUN 2015}
) (8... g6 9. Qc2 Bg7 10. Bd3 O-O 11. O-O Ng4 12. h3 Nh6 13. Bd2 Bc8 14. Nf3
Bf5 15. e4 dxe4 16. Nxe4 $36 {Volkov,S (2623)-Yilmaz,M (2530) Plovdiv 2012}) 9.
h3 Bh5 $2 ({The lesser evil was} 9... Bc8 10. Nf3 Nbd7 11. e4 dxe4 12. Ng5 e6
13. Ncxe4 Nxe4 14. Nxe4 b6 15. Bg5 Qc7 16. Bc4 $36 {, though playing this
position with Black isn't much fun either.}) 10. g4 Bg6 11. g5 Nfd7 (11... Ng8
{was hardly any better:} 12. Nxg6 hxg6 13. e4 e6 14. Bf4 Ne7 15. f3 Nd7 16.
O-O-O b6 17. Na4 b5 18. Nc3 {, and Black lacks any constructive ideas.}) 12. f4
{This standard restricting approach isn't bad,} ({but a more energetic and
stronger move was} 12. Nxg6 $1 hxg6 13. Na4 e6 ({After} 13... e5 14. f4 exf4
15. exf4 Be7 (15... b5 16. cxb6 Rb7 17. Bd2 Bd6 18. O-O-O O-O 19. h4 $18) 16.
Bd2 O-O 17. h4 $18 {Black has nothing he can do against the direct attack.})
14. h4 Be7 (14... b6 15. cxb6 Rb7 16. Bd2 c5 17. Qc2 c4 18. b3 Nxb6 19. bxc4
Nxc4 20. Bxc4 dxc4 21. Qxc4 $18) 15. Rh3 Qc7 16. Bd2 {, and Black is
practically lost from the strategic point of view.}) 12... e6 ({An attempt to
keep the light-squared bishop on the board runs into} 12... Bh5 13. Nf5 $1 h6
14. gxh6 g6 15. Ng7+ Bxg7 16. hxg7 Rg8 17. e4 e5 18. Be3 $1 exf4 19. Bf2 $36)
13. Nxg6 hxg6 14. Na4 $1 {Richard is now firmly in control.} (14. Bd2 {was
less promising:} b6 15. cxb6 Qxb6 16. Qxb6 Nxb6 17. Rc1 Bd6 18. Be2 Ke7 $14)
14... b6 {This pawn sac was absolutely forced.} ({The passive} 14... Be7 15.
Bd2 Qc7 16. O-O-O Bd8 17. h4 $18 {would lead to a sad position, where White
can slowly make progress on the kingside.}) 15. cxb6 Rb7 16. Bd2 c5 {This
advance enables Gata to develop the pieces, but the presence of the b6-pawn
makes his position very difficult.} 17. dxc5 ({It was also seriously worth
considering} 17. Qc3 $5 c4 18. b3 Nxb6 19. Nxb6 Rxb6 20. bxc4 Bb4 21. Qc2 Bxd2+
22. Qxd2 $16 {, and White is a sound pawn up.}) 17... Nxc5 18. Nxc5 {The first
step in tje wrong direction - Richard is just supporting Black's development.}
({A more natural move would be} 18. Qc2 $1 Nxa4 19. Qxa4+ Qd7 20. Qa5 Be7 21.
h4 Bd8 22. Qc3 d4 23. Qxd4 Qxd4 24. exd4 Rxb6 25. O-O-O $16) 18... Bxc5 19. Qc3
{There was no reason for delaying the development again.} ({The precise} 19.
Rc1 Bxb6 20. h4 Rc7 21. Rxc7 Qxc7 22. Qa3 $36 {would have kept Black under
strong pressure.}) 19... Qxb6 20. Rc1 $1 ({After} 20. Qxg7 Rf8 21. Rc1 Nd7 $132
{White wouldn't manage to keep the extra pawn.}) 20... Rc7 $1 ({Possibly, GM
Rapport's calculations were mainly based on} 20... Nd7 $6 21. b4 Bd6 22. Qxg7
Rf8 23. a3 $16) 21. Qxg7 Rf8 22. Be2 $2 {Despite the previous inaccurate play,}
({Richard could still have developed a powerful initiative by means of} 22. Ke2
$1 {(Of course, finding this move is a tough task)} d4 23. Bg2 Nd7 24. b4 $1 ({
But not} 24. exd4 $6 Qb5+ 25. Kf3 Bd6 26. Rxc7 Bxc7 $132) 24... Qb5+ 25. Kf3
dxe3 26. Bxe3 Bxe3 27. Kxe3 $1 (27. Rxc7 Bxf4 28. Rxd7 Qxd7 29. Kxf4 Qd2+ {
leads only to a draw.}) 27... Rxc1 28. Rxc1 e5 29. Bc6 exf4+ 30. Kf2 Qxb4 31.
Kf3 $1 $36) 22... Nd7 $2 {Returning the favour.} ({Black could have solved all
the problems after} 22... d4 $1 23. Qe5 dxe3 24. Bxe3 Nd7 25. Qe4 Ke7 $132) 23.
Qc3 $2 ({In his turn, Richard missed a golden opportunity for connecting the
rooks:} 23. Kf2 $1 d4 24. Kg3 $1 {Now the king is safe! The following lines
illustrate the danger of Black's position:} dxe3 (24... Qxb2 25. Rhd1 Qa3 26.
Rc4 dxe3 27. Bb4 Qxa2 28. Kf3 Qxc4 29. Bxc4 Bxb4 30. Qd4 $16) 25. Bc3 Bd6 26.
h4 Nc5 27. Qd4 $16) 23... Ke7 $1 {Now the advantage is gone.} 24. Qa5 {The Qc3
is clearly misplaced, so liquidating into an equal endgame is a natural
decision.} (24. O-O Rfc8 25. Kg2 Bd6 26. Qd4 Bc5 27. Qd3 Qxb2 28. Rc2 Qb7 29.
Qxa6 Qxa6 30. Bxa6 Ba3 31. Rxc7 Rxc7 $11) 24... Qxa5 25. Bxa5 Rb7 26. Rxc5 ({
Possibly, a better try was} 26. Rc2 $5 Bxe3 27. Bxa6 Rbb8 28. Rf1 Nc5 29. Be2
Rfc8 30. b3 {, maintaining an approximate balance.}) 26... Nxc5 27. b4 Ne4 {
After this move White gets sufficient compensation.} (27... Rfb8 $5 {deserved
serious attention:} 28. O-O Rxb4 29. Bxb4 Rxb4 30. Rc1 Kd6 $1 $15 (30... Rb2
31. Rxc5 Rxe2 32. Ra5 Rxe3 33. Kf2 Rxh3 34. Rxa6 $11)) 28. Bxa6 Ra7 29. b5 Rb8
{Finally Gata comes to the conclusion, that there is nothing better than
giving the material back.} 30. Rh2 {This isn't a mistake,} ({But} 30. O-O {
was simpler:} Rxb5 31. Bxb5 Rxa5 32. a4 Nc3 33. Rc1 Nxb5 34. axb5 Rxb5 35. Rc7+
$11) 30... Rxb5 31. Bxb5 Rxa5 32. Bd3 {Possibly, Richard was still hoping to
win this game.} ({Otherwise he would have played} 32. a4 Nc3 33. Rc2 Nxb5 34.
axb5 Rxb5 35. Rc7+ $11 {, fixing a draw.}) 32... Nc3 33. Rc2 Nxa2 34. Rc7+ Kf8
{The position is still equal, but White has to play accurately - the pawns are
potentially weak.} 35. h4 Nb4 36. Be2 d4 37. exd4 Nd5 38. Rc8+ Kg7 {Obviously,
now it is Gata who is trying to win the game.} (38... Ke7 39. Bf3 Nxf4 40. Kf2
Ra2+ 41. Kg3 $11) 39. h5 $6 {It is only after this nervous move that Black
gets some practical winning chances.} ({After} 39. Bf3 Nxf4 40. Kf2 Ra3 41. Rc7
$11 {White still would be safe.}) 39... gxh5 40. f5 Nf4 (40... exf5 41. Rc5
Rxc5 42. dxc5 h4 43. Kf2 Kg6 44. c6 Kxg5 45. Bc4 $11) 41. fxe6 fxe6 (41... Nxe6
42. Bxh5 Rxg5 43. Bxf7 $11 {is an easy draw.}) 42. Bf3 ({A simpler way was} 42.
Bc4 Rxg5 43. Kf2 h4 44. Kf3 Nd5 45. Bxd5 exd5 46. Kf4 Rg1 47. Rc7+ Kg6 48. Rc6+
Kh5 49. Rc8 $11) 42... Rxg5 43. Kf2 {Black is a pawn up, but the limited
material balance makes White's defensive task quite simple.} Nh3+ (43... h4 44.
Rc7+ Kg6 45. Rc8 h3 46. Rh8 Nh5 47. d5 $11) 44. Ke3 Rg3 45. Ke4 ({Missing the
easiest way:} 45. Rc2 $1 Ng5 (45... h4 46. Rg2 Rxg2 47. Bxg2 Ng5 48. Kf4 h3 49.
Bc6 $11) 46. Kf4 h4 47. Bg4 Kf6 48. Rc8 Rd3 49. Rf8+ Nf7 50. Ke4 Rg3 51. Bh5
Rg7 52. Bxf7 Rxf7 53. Rh8 Kg5 54. Ke5 $11) 45... h4 46. Be2 Rg1 47. Ke3 $4 {
This mistake could have led to a quick loss.} (47. Ba6 $1 Ng5+ 48. Kf4 h3 49.
Bb7 h2 50. Rc2 Nh3+ 51. Ke5 $11) 47... Re1 $2 {Strangely enough, Gata doesn't
take his chance!} ({After} 47... Ng5 48. Rc2 h3 49. Bb5 Kh6 50. Bc6 Re1+ 51.
Kf4 Rd1 $19 {the second pawn would fall.}) 48. Rc5 Kf6 49. Kd2 Ra1 50. d5 $4 {
Luckily for Gata, his young opponent commits the last mistake.} ({Even now,
after all the mistakes, draw was still reachable:} 50. Rc8 $1 Ra3 (50... Nf4
51. Rf8+ Kg5 52. Rg8+ Kf5 53. Bg4+ Ke4 54. Bxe6 Nxe6 55. Rg4+ $11) 51. Rf8+ Ke7
52. Rf1 Ng5 53. Rf4 h3 54. Rh4 Kd6 55. Ke1 $1 {, and Black cannot make
progress.}) 50... Ng5 (50... Ng5 51. Rc8 h3 52. Rh8 exd5 $19) 0-1

[Event "EU-Cup 32nd"]
[Site "Novi Sad"]
[Date "2016.11.08"]
[Round "3.2"]
[White "Kamsky, Gata"]
[Black "Admiraal, Miguoel"]
[Result "1-0"]
[WhiteElo "2648"]
[BlackElo "2448"]
[PlyCount "77"]
[EventDate "2016.11.06"]
[EventType "team-swiss"]
[EventRounds "7"]
[EventCountry "SRB"]
[SourceTitle "CBM 176"]
[Source "ChessBase"]
[SourceDate "2017.01.17"]
[SourceVersion "1"]
[SourceVersionDate "2017.01.17"]
[SourceQuality "1"]
[WhiteTeam "Kazan Ladya"]
[BlackTeam "Kennemer Combinatie"]
[WhiteTeamCountry "RUS"]
[BlackTeamCountry "NED"]

1. b3 e5 2. Bb2 Nc6 3. e3 Nf6 4. Bb5 Bd6 5. Na3 e4 6. Ne2 O-O 7. Nc4 Be7 8.
Bxc6 bxc6 9. O-O Qe8 10. d3 d5 11. Nd2 exd3 12. cxd3 c5 13. Rc1 Ba6 14. Nf4 c6
15. Qf3 Nd7 16. Rfe1 Bd6 17. d4 c4 18. e4 Bxf4 19. Qxf4 Qb8 20. e5 Re8 21. Ba3
c5 22. Bxc5 Nxc5 23. dxc5 Qc7 24. Qd4 Rac8 25. b4 Bb5 26. Nb1 Bc6 27. Nc3 Rb8
28. Rb1 a6 29. f4 Qd7 30. h3 h6 31. a3 a5 32. Rb2 Rb7 33. f5 axb4 34. axb4 Qxf5
35. b5 f6 36. Rf2 fxe5 37. bxc6 exd4 38. Rxe8+ Kh7 39. Rxf5 1-0

[Event "EU-Cup 32nd"]
[Site "Novi Sad"]
[Date "2016.11.09"]
[Round "4.2"]
[White "Sotsky, Alexander"]
[Black "Kamsky, Gata"]
[Result "0-1"]
[WhiteElo "2348"]
[BlackElo "2648"]
[PlyCount "120"]
[EventDate "2016.11.06"]
[EventType "team-swiss"]
[EventRounds "7"]
[EventCountry "SRB"]
[SourceTitle "CBM 176"]
[Source "ChessBase"]
[SourceDate "2017.01.17"]
[SourceVersion "1"]
[SourceVersionDate "2017.01.17"]
[SourceQuality "1"]
[WhiteTeam "Ezerelio Vaivorykste"]
[BlackTeam "Kazan Ladya"]
[WhiteTeamCountry "LTU"]
[BlackTeamCountry "RUS"]

1. d4 d5 2. e3 Nf6 3. Bd3 c5 4. c3 Nc6 5. f4 Bg4 6. Nf3 e6 7. O-O Bd6 8. Qe1
Bf5 9. Be2 Qb6 10. Kh1 h6 11. a4 c4 12. Ne5 Na5 13. Nd2 Ne4 14. Nef3 O-O-O 15.
Nxe4 Bxe4 16. Nd2 Bc2 17. Bd1 Bd3 18. Be2 Bxe2 19. Qxe2 f5 20. Qd1 Kb8 21. Qc2
g5 22. Nf3 Nb3 23. Ra2 g4 24. Ng1 h5 25. Bd2 h4 26. Ne2 h3 27. g3 Rd7 28. Kg1
Rc8 29. Nc1 Be7 30. Rd1 Rd6 31. Be1 Na5 32. Bf2 Qc7 33. Be1 Rb6 34. Kf1 Qd7 35.
Kg1 Rcc6 36. Kf2 Ra6 37. b4 cxb3 38. Nxb3 Nc4 39. Nd2 Nd6 40. Rb1 Bd8 41. Rab2
Ba5 42. Rb3 Rc7 43. Rc1 Ka8 44. Qa2 Rac6 45. Qa3 a6 46. Ke2 Kb8 47. Qa1 Kc8 48.
Qa3 Kd8 49. Qa1 Ke8 50. Qa3 Kf7 51. Qa1 Qc8 52. Qa3 Ke8 53. Nb1 Ne4 54. Qb2 Kf7
55. Bd2 Rc4 56. Ra3 Bb4 57. Rb3 Be7 58. Rb6 Rxa4 59. c4 Rcxc4 60. Rxc4 Qxc4+
0-1

[Event "EU-Cup 32nd"]
[Site "Novi Sad"]
[Date "2016.11.10"]
[Round "5.3"]
[White "Oparin, Grigoriy"]
[Black "Kamsky, Gata"]
[Result "1-0"]
[WhiteElo "2621"]
[BlackElo "2648"]
[Annotator "Szabo,Kr"]
[PlyCount "61"]
[EventDate "2016.11.06"]
[EventType "team-swiss"]
[EventRounds "7"]
[EventCountry "SRB"]
[SourceTitle "CBM 176"]
[Source "ChessBase"]
[SourceDate "2017.01.17"]
[SourceVersion "1"]
[SourceVersionDate "2017.01.17"]
[SourceQuality "1"]
[WhiteTeam "Zhiguli"]
[BlackTeam "Kazan Ladya"]
[WhiteTeamCountry "RUS"]
[BlackTeamCountry "RUS"]

1. e4 c5 2. Nf3 e6 3. d4 cxd4 4. Nxd4 a6 5. Bd3 g6 {I can't say this is a rare
move, but} (5... Nf6) ({and} 5... Bc5 {are far common lines.}) 6. Nc3 Bg7 7.
Be3 Ne7 8. Qd2 d5 9. exd5 Nxd5 10. Nxd5 Qxd5 11. c4 (11. O-O {is another
natural move,} O-O 12. Be2 Qd6 13. Rad1 Qc7 14. Bh6 (14. Nb3 $14) 14... Nd7 15.
Bxg7 Kxg7 16. c4 {Leko-Vyzmanavin, Leon 1993, and White is more comfortable.})
11... Qe5 $146 {A novelty by Kamsky.} (11... Qxg2 $6 {is too dangerous, as} 12.
O-O-O O-O 13. h4 $40 {with a strong attack for the sacrificed pawn.}) (11...
Qd7 12. Nb3 Nc6 13. O-O-O O-O 14. Be2 (14. Be4 $5) 14... Qxd2+ 15. Rxd2 f5 16.
f4 e5 {(Cubas-Panno, Vicente Lopez 2004)} 17. Nc5 $14 {and White's position
looks more tempting.}) (11... Qd6 12. c5 $5 (12. Nf3 $5) 12... Qd5 (12... Qe7
$5) 13. O-O Nd7 14. Be2 $1 Nxc5 15. Bf3 Ne4 16. Qc2 f5 17. Rfd1 $36 {A.
Ivanov-Bonin, Philadelphia 1996, with a strong initiative for the pawn.}) 12.
O-O-O {The most ambitious continuation. White prepares for a kingside attack
by h4-h5.} ({The solid} 12. O-O $5 $14 {was the alternative choice.}) 12... O-O
13. h4 $1 {This is the point! White immediately starts his attack against the
opposing king.} b5 $1 14. Nf3 ({Of course} 14. cxb5 $2 {is bad to open the
a-file,} axb5 $132 {and Black looks nicely placed.}) 14... Qc7 15. Bh6 $1 {
White continues his attack; he doesn't protect his pawns.} Bxh6 $6 (15... bxc4
{was more accurate, however} 16. Bxg7 cxd3+ (16... Kxg7 17. Be4 $16) 17. Bc3 {
and without his dark-squared bishop, Black has a lot of weaknesses in his
position.}) 16. Qxh6 bxc4 17. Be4 Ra7 18. h5 c3 19. hxg6 {White concentrates
only on his attack; he doesn't play any defensive move on the queenside.} cxb2+
20. Kb1 fxg6 21. Bxg6 $1 Qg7 $1 {Black plays the best defensive moves, however
after the exchange of queens White can continue the pressure.} 22. Be4 Qxh6 23.
Rxh6 Rg7 24. Ne5 (24. Nd4 $5) 24... Rg5 25. Nc4 Nd7 26. Nd6 Nc5 $6 {Inaccuracy.
The h7-pawn was very important, so} (26... Nf6 $1 {was the correct reply and
Black has a good chance to equalise the position.}) 27. Bxh7+ Kg7 28. Rh3 Rxg2
$2 {A tempting move, but this is already a mistake!} (28... e5 {was better,
however} 29. Nxc8 Rxc8 30. g4 $1 $14 {and White is more comfortable.}) 29. Bc2
$1 Rfxf2 30. Rc3 Bd7 $2 {Loses immediately, Black probably missed the
intermediate check on g1!} (30... Rxc2 {was tougher} 31. Rxc2 Rxc2 32. Kxc2 Bd7
33. Kxb2 $16 {and White is clearly better, but still it is not easy to win for
White.}) 31. Rxc5 {and Black resigned, as} (31. Rxc5 Rxc2 32. Rxc2 Rxc2 33.
Rg1+ $1 $18 {and White wins.} ({, but not} 33. Kxc2 $4 Ba4+)) 1-0

[Event "EU-Cup 32nd"]
[Site "Novi Sad"]
[Date "2016.11.11"]
[Round "6.2"]
[White "Kamsky, Gata"]
[Black "Bokros, Albert"]
[Result "1-0"]
[WhiteElo "2648"]
[BlackElo "2492"]
[PlyCount "57"]
[EventDate "2016.11.06"]
[EventType "team-swiss"]
[EventRounds "7"]
[EventCountry "SRB"]
[SourceTitle "CBM 176"]
[Source "ChessBase"]
[SourceDate "2017.01.17"]
[SourceVersion "1"]
[SourceVersionDate "2017.01.17"]
[SourceQuality "1"]
[WhiteTeam "Kazan Ladya"]
[BlackTeam "Dunajska Streda"]
[WhiteTeamCountry "RUS"]
[BlackTeamCountry "SVK"]

1. d4 Nf6 2. Nf3 e6 3. Bf4 b6 4. e3 Bb7 5. Nbd2 c5 6. h3 Be7 7. Bd3 O-O 8. O-O
cxd4 9. exd4 d6 10. Re1 Nbd7 11. Bh2 Re8 12. a4 a6 13. a5 b5 14. c4 bxc4 15.
Nxc4 Nb8 16. Nb6 Ra7 17. Nd2 Nd5 18. Ndc4 Nxb6 19. Nxb6 Nd7 20. Qa4 Nxb6 21.
axb6 Ra8 22. Qa5 Qd7 23. Rac1 Rec8 24. Rc7 Rxc7 25. bxc7 Rc8 26. Rc1 Bc6 27.
Bxa6 Rxc7 28. Bb5 Ra7 29. Bxc6 1-0

[Event "Rilton Cup 46th"]
[Site "Stockholm"]
[Date "2016.12.27"]
[Round "1"]
[White "Kamsky, Gata"]
[Black "Larson, Matthew W"]
[Result "1-0"]
[WhiteElo "2661"]
[BlackElo "2330"]
[PlyCount "85"]
[EventDate "2016.12.27"]
[EventType "swiss"]
[EventRounds "9"]
[EventCountry "SWE"]
[SourceTitle "CBM 176 Extra"]
[Source "ChessBase"]
[SourceDate "2017.03.02"]
[SourceVersion "1"]
[SourceVersionDate "2017.03.02"]
[SourceQuality "1"]

1. Nf3 c5 2. g3 Nc6 3. Bg2 e5 4. c4 d6 5. Nc3 g6 6. d3 Bg7 7. Nd2 Nge7 8. Nf1
h5 9. h3 Be6 10. Ne3 Qd7 11. Ned5 O-O 12. Rb1 Rab8 13. Bg5 f6 14. Bd2 a6 15.
Nb6 Qd8 16. Ncd5 Nxd5 17. cxd5 Bf7 18. Nc4 Nb4 19. Bxb4 cxb4 20. Qb3 b5 21. Nd2
a5 22. d4 exd4 23. Qd3 Qb6 24. O-O Rbc8 25. Nf3 f5 26. Ng5 Rc4 27. Rbd1 Re8 28.
Ne6 Rxe6 29. dxe6 Bxe6 30. Qf3 Kh7 31. Rfe1 Rc5 32. e3 Bd5 33. Qf4 Be5 34. exd4
Bxf4 35. dxc5 dxc5 36. Rxd5 Bg5 37. Rd7+ Kh6 38. Bd5 Qb8 39. Bf7 h4 40. Re8 Bd8
41. Rh8+ Kg5 42. Rhxd8 Qb6 43. Rd6 1-0

[Event "Rilton Cup 46th"]
[Site "Stockholm"]
[Date "2016.12.28"]
[Round "2"]
[White "Cramling, Pia"]
[Black "Kamsky, Gata"]
[Result "0-1"]
[WhiteElo "2453"]
[BlackElo "2661"]
[PlyCount "114"]
[EventDate "2016.12.27"]
[EventType "swiss"]
[EventRounds "9"]
[EventCountry "SWE"]
[SourceTitle "CBM 176 Extra"]
[Source "ChessBase"]
[SourceDate "2017.03.02"]
[SourceVersion "1"]
[SourceVersionDate "2017.03.02"]
[SourceQuality "1"]

1. Nf3 d5 2. d4 Nf6 3. c4 c6 4. Nc3 e6 5. Bg5 Nbd7 6. e3 Qa5 7. Nd2 dxc4 8.
Bxf6 Nxf6 9. Nxc4 Qc7 10. g3 Be7 11. Bg2 O-O 12. O-O Rd8 13. Rc1 Bd7 14. a3 a5
15. Qc2 Be8 16. Rfd1 Rac8 17. Ne4 Nxe4 18. Qxe4 b5 19. Nd2 Qa7 20. h4 c5 21.
dxc5 Rxc5 22. Nb3 Rxc1 23. Rxc1 Bf6 24. Rc2 g6 25. Qf4 Kg7 26. Nd2 e5 27. Qf3
Be7 28. Ne4 b4 29. axb4 axb4 30. Qe2 f6 31. Qc4 Bf7 32. Qc7 Rd7 33. Qc8 Rd8 34.
Qc6 b3 35. Re2 Qd7 36. Qxd7 Rxd7 37. Rd2 Rc7 38. Bf1 f5 39. Ng5 Bg8 40. Bb5 Kf6
41. Ba4 h6 42. Nf3 Rc1+ 43. Kg2 Rc5 44. Ne1 Bd5+ 45. f3 Ra5 46. Be8 Bb4 47. Rd1
e4 48. fxe4 fxe4 49. Kf2 g5 50. Rd4 Be7 51. hxg5+ hxg5 52. Ke2 Ke5 53. Ra4 Rxa4
54. Bxa4 Kf5 55. Bd7+ Be6 56. Bc6 Bf6 57. g4+ Ke5 0-1

[Event "Rilton Cup 46th"]
[Site "Stockholm"]
[Date "2016.12.29"]
[Round "3"]
[White "Kamsky, Gata"]
[Black "Hillarp Persson, Tiger"]
[Result "1/2-1/2"]
[WhiteElo "2661"]
[BlackElo "2511"]
[PlyCount "120"]
[EventDate "2016.12.27"]
[EventType "swiss"]
[EventRounds "9"]
[EventCountry "SWE"]
[SourceTitle "CBM 176 Extra"]
[Source "ChessBase"]
[SourceDate "2017.03.02"]
[SourceVersion "1"]
[SourceVersionDate "2017.03.02"]
[SourceQuality "1"]

1. e4 g6 2. d4 Bg7 3. Nf3 d6 4. c3 Nf6 5. Bd3 O-O 6. O-O Nc6 7. h3 e5 8. Re1 h6
9. a4 Nd7 10. Bc2 exd4 11. cxd4 Nb4 12. Nc3 c5 13. Be3 cxd4 14. Bxd4 Ne5 15.
Nxe5 dxe5 16. Bc5 Qxd1 17. Bxd1 Nd3 18. Bxf8 Nxe1 19. Bxg7 Kxg7 20. Bb3 Nd3 21.
Rd1 Nc5 22. Bc4 Be6 23. Bxe6 Nxe6 24. Rd5 Kf6 25. Rd7 Rb8 26. a5 Nc5 27. Rc7
Nb3 28. a6 bxa6 29. Rxa7 a5 30. Nd5+ Kg7 31. Ne3 Nd2 32. Rxa5 Rxb2 33. Rxe5
Rb1+ 34. Kh2 Rb4 35. f3 Rb3 36. Nd1 Nf1+ 37. Kg1 Ne3 38. Nxe3 Rxe3 39. Re8 h5
40. h4 Ra3 41. Rd8 Ra2 42. Kh2 Rb2 43. Kg3 Ra2 44. Rd3 Rb2 45. f4 Re2 46. Kf3
Re1 47. g3 Kf6 48. Rd6+ Kg7 49. Rd5 Rf1+ 50. Ke2 Ra1 51. f5 Ra3 52. Kf2 gxf5
53. Rxf5 Kg6 54. Rf3 Ra2+ 55. Ke3 f6 56. Kf4 Ra1 57. g4 hxg4 58. Kxg4 Ra5 59.
Rd3 Re5 60. Kf4 Rh5 1/2-1/2

[Event "Rilton Cup 46th"]
[Site "Stockholm"]
[Date "2016.12.30"]
[Round "4"]
[White "Tikkanen, Hans"]
[Black "Kamsky, Gata"]
[Result "0-1"]
[WhiteElo "2531"]
[BlackElo "2661"]
[PlyCount "74"]
[EventDate "2016.12.27"]
[EventType "swiss"]
[EventRounds "9"]
[EventCountry "SWE"]
[SourceTitle "CBM 176 Extra"]
[Source "ChessBase"]
[SourceDate "2017.03.02"]
[SourceVersion "1"]
[SourceVersionDate "2017.03.02"]
[SourceQuality "1"]

1. e4 c5 2. Nf3 Nc6 3. d4 cxd4 4. Nxd4 Qb6 5. Nb3 Nf6 6. Nc3 e6 7. Qe2 Bb4 8.
Bd2 O-O 9. a3 Be7 10. O-O-O d5 11. e5 Nd7 12. f4 Nc5 13. Nxc5 Qxc5 14. Be1 Bd7
15. Bf2 Qa5 16. f5 Bxa3 17. Rd3 d4 18. Nb1 Bb4 19. f6 Qxe5 20. fxg7 Rfd8 21.
Bxd4 Qxe2 22. Bxe2 Nxd4 23. Rxd4 Bc5 24. Rd3 Bc6 25. Rhd1 Rxd3 26. Rxd3 Bxg2
27. Nd2 Bc6 28. Bf3 Rc8 29. Bxc6 Rxc6 30. Ne4 Kxg7 31. Rd7 Be3+ 32. Kb1 Kg6 33.
Nd6 f5 34. Nxb7 f4 35. Nd8 Ra6 36. Nf7 Ra5 37. Nd8 Rd5 0-1

[Event "Rilton Cup 46th"]
[Site "Stockholm"]
[Date "2017.01.01"]
[Round "5"]
[White "Kamsky, Gata"]
[Black "Sokolov, Ivan"]
[Result "1-0"]
[WhiteElo "2661"]
[BlackElo "2632"]
[PlyCount "71"]
[EventDate "2016.12.27"]
[EventType "swiss"]
[EventRounds "9"]
[EventCountry "SWE"]
[SourceTitle "CBM 176 Extra"]
[Source "ChessBase"]
[SourceDate "2017.03.02"]
[SourceVersion "1"]
[SourceVersionDate "2017.03.02"]
[SourceQuality "1"]

1. d4 Nf6 2. Bf4 c5 3. e3 g6 4. c3 Qb6 5. Qb3 Bg7 6. Nd2 O-O 7. Nc4 Qd8 8. Nf3
cxd4 9. exd4 Nc6 10. Be2 d6 11. Rd1 Nd5 12. Bg3 Be6 13. Ng5 Bd7 14. Nd2 Nb6 15.
h4 e5 16. dxe5 Nxe5 17. Qa3 d5 18. O-O Re8 19. Rfe1 Bf8 20. b4 a5 21. Qb2 axb4
22. cxb4 Bg7 23. Qb1 Bf5 24. Qb3 Rc8 25. Bxe5 Rxe5 26. Bb5 Rc3 27. Rxe5 Bxe5
28. Qb2 h6 29. Re1 Qd6 30. Ndf3 Bf6 31. Re8+ Kg7 32. Qd2 Qxb4 33. Nxf7 g5 34.
Nxh6 Kxh6 35. hxg5+ Kh7 36. gxf6 1-0